000
00385nam a2200133Ia 4500
008
151001s9999||||xx |||||||||||||| ||und||
100
_a
अ कृ देशपांडे
245
_a
मृत्युनंतरचे जीवन
250
_a
2
260
_b
अंजली प्रकाशन पुणे
260
_c
1987
300
_a
298
365
_b
18
999
_c
977659
_d
977656